The Case for a Positive Euro Area Inflation Target: Evidence From France, Germany and Italy

Pomocou mikro údajov o cenách, ktoré sú základom indexu spotrebiteľských cien, autori odhadujú relatívne cenové trendy počas životného cyklu produktu vo Francúzsku, Nemecku a Taliansku. Faktory, ktoré vplývajú na optimálnu mieru inflácie.

Gespeichert in:
Bibliographische Detailangaben
1. Verfasser: Adam, Klaus
Weitere Verfasser: Gautier, Erwan, Santoro, Sergio, Weber, Henning
Format: Buchkapitel
Sprache:Englisch
Schlagworte:
Tags: Tag hinzufügen
Keine Tags, Fügen Sie das erste Tag hinzu!

MARC

LEADER 00000naa a2200000 4500
001 0291802
005 20230330082046.3
041 0 |a eng 
044 |a NL 
245 1 0 |a The Case for a Positive Euro Area Inflation Target: Evidence From France, Germany and Italy  |c Klaus Adam, Erwan Gautier, Sergio Santoro, Henning Weber 
520 |a Pomocou mikro údajov o cenách, ktoré sú základom indexu spotrebiteľských cien, autori odhadujú relatívne cenové trendy počas životného cyklu produktu vo Francúzsku, Nemecku a Taliansku. Faktory, ktoré vplývajú na optimálnu mieru inflácie. 
610 2 0 |a politika menová 
610 2 0 |a inflácia 
610 2 0 |a cielenie inflácie 
610 2 0 |a náklady sociálne 
610 2 0 |a Francúzsko 
610 2 0 |a Nemecko 
610 2 0 |a Taliansko 
100 1 |a Adam, Klaus 
700 1 |a Gautier, Erwan 
700 1 |a Santoro, Sergio 
700 1 |a Weber, Henning